Lambeth Conference (Record no. 7649)

MARC details
000 -LEADER
fixed length control field 00596nam a2200241 a 4500
020 ## - INTERNATIONAL STANDARD BOOK NUMBER
ISBN
082 00 - DEWEY DECIMAL CLASSIFICATION NUMBER
Classification number 262.91
Author Cutter SPC
245 ## - TITLE STATEMENT
Title Lambeth Conference
Sub title Encyclical Letter from the Bishops
260 ## - PUBLICATION, DISTRIBUTION, ETC. (IMPRINT)
Place of publication London
Name of publisher Spck
Year of publication 1948
300 ## - PHYSICAL DESCRIPTION
Number of Pages 120p
500 ## - GENERAL NOTE
General note includes index and biblioraphy
505 2# - FORMATTED CONTENTS NOTE
Formatted contents note Index, Hymns
650 ## - SUBJECT ADDED ENTRY--TOPICAL TERM
Topical Term Encyclicals-Bishops
650 ## - SUBJECT ADDED ENTRY--TOPICAL TERM
Topical Term Lambeth Conference 1948
942 ## - ADDED ENTRY ELEMENTS (KOHA)
Koha item type Books
Holdings
Home library Current library Date acquired Cost, normal purchase price Full call number Accession Number Koha item type
Henry Martyn Institute Library Henry Martyn Institute Library 07/11/2007 100.00 262.91 SPC 13070 E-Books
                   Copyright © 2026 | Henry Martyn Institute | Hyderabad | TS-500052 | INDIA | Implemented by hmi.edu.in
Hit-Count:

Powered by Koha